Estudio de demoras en rotondas de Costa Rica.

保存先:
書誌詳細
第一著者: Chaves Murillo, Olman Francisco
フォーマット: 図書
出版事項: San José, Costa Rica 1988
主題:
タグ: タグ追加
タグなし, このレコードへの初めてのタグを付けませんか!

MARC

LEADER 00000nam a2200000Ia 4500
003 004693
005 20221231144341.0
008 140114s1988 cr a m 000 ||s d
040 |c cru CEDI 
090 |a TFG 2185 
100 |a Chaves Murillo, Olman Francisco  |9 13467 
245 |a Estudio de demoras en rotondas de Costa Rica. 
260 |c 1988  |a San José, Costa Rica 
300 |a  vi, [197] hojas : ilustraciones ; 27 cm  
500 |a  Proyecto de graduación (licenciatura en ingeniería civil)--Universidad de Costa Rica. Facultad de Ingeniería. Escuela de Ingeniería Civil 
650 |x CAMINOS -- INTERCAMBIOS E INTERSECCIONES  |9 13468 
942 |c TFG 
999 |c 20574  |d 20574